000 00638cam a2200205 a 4500
001 000014559
005 20250311111645.0
008 770225s1974 ve b 000 0 spa
035 _a(DLC) 77452025
040 _aDO-SdBNP
_cDLC
_dDLC
082 _a303.32
_bC221i
100 1 _aCanestri, F.
_930045
245 1 0 _aInstrumentos para el aprendizaje en ciencias sociales /
_cF. Canestri.
260 _aCaracas :
_bAgencia Musical,
_c1974.
300 _a238 p. ;
_c25 cm.
504 _aIncluye referencias bibliográficas.
650 0 _aCiencias sociales --
_xMetodología
_97482
910 _aCatalogación por copia / LC
049 _aBNGR
999 _c14146
_d14146